The Bible. (Record no. 3353)

000 -LEADER
fixed length control field 00530nam a2200181 a 4500
001 - CONTROL NUMBER
control field :::00001083$&:&@@
003 - CONTROL NUMBER IDENTIFIER
control field OkBaRHE
005 - DATE AND TIME OF LATEST TRANSACTION
control field 20000607103241.0
008 - FIXED-LENGTH DATA ELEMENTS--GENERAL INFORMATION
fixed length control field s1952 j 000 0 eng u
040 ## - CATALOGING SOURCE
Transcribing agency
100 1# - MAIN ENTRY--PERSONAL NAME
Personal name Bowie, Walter Russell, 1882-1969.
245 14 - TITLE STATEMENT
Title The Bible.
260 ## - PUBLICATION, DISTRIBUTION, ETC. (IMPRINT)
Place of publication, distribution, etc New York, NY., :
Name of publisher, distributor, etc Association Press
Date of publication, distribution, etc 1952
300 ## - PHYSICAL DESCRIPTION
Extent 68 p. ;
Dimensions 19 cm.
650 ## - SUBJECT ADDED ENTRY--TOPICAL TERM
Topical term or geographic name as entry element Bible
General subdivision Appreciation
942 ## - ADDED ENTRY ELEMENTS (KOHA)
Source of classification or shelving scheme
Koha item type Books
Copies
Lost status Withdrawn status Copy number Koha item type Price effective from Damaged status Barcode Shelving location Date last seen Permanent Location Date acquired Not for loan Source of classification or shelving scheme Full call number
  1Books2010-04-14 1083General Stacks2010-04-14RHEMA Bible Training College2010-04-14  BS 537 .B6